Polybius : the histories

Αποθηκεύτηκε σε:
Λεπτομέρειες βιβλιογραφικής εγγραφής
Κύριος συγγραφέας: Πολύβιος 200-120
Άλλοι συγγραφείς: Paton, W. R. (William Roger) d. 1921 (Μεταφραστής)
Μορφή: Βιβλίο
Γλώσσα:English
Ancient Greek
Δημοσίευση: Cambridge, Mass. : London : Harvard University Press, Heinemann, 1922-1927
Σειρά:Loeb classical library ; ; 128 , 137 , 138 , 159,160, 161
Θέματα:
Ετικέτες: Προσθήκη ετικέτας
Δεν υπάρχουν, Καταχωρήστε ετικέτα πρώτοι!

MARC

LEADER 00000nam a2200000 i 4500
001 1/19549
008 960701m19221927 eng d
020 |a 0-674-99142-7 (τ.1) 
020 |a 0-674-99152-4 (τ.2) 
020 |a 0-674-99153-2 (τ.3) 
020 |a 0-674-99175-3 (τ.4) 
020 |a 0-674-99176-1 (τ.5) 
020 |a 0-674-99178-8 (τ.6) 
035 |l 10021314 
040 |a GR-MY-UA  |b gre  |e aacr 
041 0 |a eng  |a grc 
082 0 |a 884.4 
100 1 |a Πολύβιος  |d 200-120. 
245 1 0 |a Polybius :  |b the histories /  |c [Πολύβιος] ; μετάφραση:W. R. Paton 
260 |a Cambridge, Mass. :   |a London :   |b Harvard University Press,   |b Heinemann,   |c 1922-1927 
300 |a 6τ. (425;531;562;571;545;477 σ.);  |c 17 εκ. 
490 1 |a Loeb classical library  |v ; 128 , 137 , 138, 159, 160 ,161 
500 |a Χρονολογία ανατύπωσης: τ.I: 1992 (πρώτη έκδ. 1922), τ.II: 1979, (πρώτη έκδ. 1922) τ.III: 1979 (πρώτη έκδ. 1923), τ.IV: 1976 (πρώτη έκδ. 1925), τ.V: 1926 (πρώτη έκδ. 1992) τ.VI: 1980 (πρώτη έκδ. 1927) 
504 |a Περιλαμβάνει ευρετήριο 
600 1 0 |a Πολύβιος  |d 200-120. 
650 0 0 |a History, Ancient  |x Historiography. 
651 0 |a Rome  |x History  |y Republic, 510-30 B.C. 
651 0 |a Greece  |x History  |y 146 B.C.-323 A.D. 
700 1 |a Paton, W. R.  |q (William Roger)  |d d. 1921.  |4 trl 
830 0 |a Loeb classical library ;  |v ; 128 , 137 , 138 , 159,160, 161 
852 |a INST  |b CHIOS  |e 19960703  |h 938.08 ΠΟΛ  |p 005200001885  |q 005200001885  |t BK  |y 0  |z τ.6 
852 |a INST  |b CHIOS  |e 19960703  |h 938.08 ΠΟΛ  |p 005200007369  |q 005200007369  |t BK  |y 0  |z τ.5 
852 |a INST  |b CHIOS  |e 19960703  |h 938.08 ΠΟΛ  |p 005200007370  |q 005200007370  |t BK  |y 0  |z τ.4 
852 |a INST  |b CHIOS  |e 19960701  |h 938.08 ΠΟΛ  |p 005200007423  |q 005200007423  |t BK  |y 0  |z τ.1 
852 |a INST  |b CHIOS  |e 19960701  |h 938.08 ΠΟΛ  |p 005200007425  |q 005200007425  |t BK  |y 0  |z τ.2 
852 |a INST  |b CHIOS  |e 19960701  |h 938.08 ΠΟΛ  |p 005200007426  |q 005200007426  |t BK  |y 0  |z τ.3 
852 |a INST  |b CHIOS  |e 19960703  |h 938.08 ΠΟΛ  |p 005200001885  |q 005200001885  |t BK  |v τ.6:  |y 0  |z τ.6 
852 |a INST  |b CHIOS  |e 19960703  |h 938.08 ΠΟΛ  |p 005200007369  |q 005200007369  |t BK  |v τ.5:  |y 0  |z τ.5 
852 |a INST  |b CHIOS  |e 19960703  |h 938.08 ΠΟΛ  |p 005200007370  |q 005200007370  |t BK  |v τ.4:  |y 0  |z τ.4 
852 |a INST  |b CHIOS  |e 19960701  |h 938.08 ΠΟΛ  |p 005200007423  |q 005200007423  |t BK  |v τ.1:  |y 0  |z τ.1 
852 |a INST  |b CHIOS  |e 19960701  |h 938.08 ΠΟΛ  |p 005200007425  |q 005200007425  |t BK  |v τ.2:  |y 0  |z τ.2 
852 |a INST  |b CHIOS  |e 19960701  |h 938.08 ΠΟΛ  |p 005200007426  |q 005200007426  |t BK  |v τ.3:  |y 0  |z τ.3 
852 |a INST  |b LESVOS  |e 20060323  |h 884.4 ΠΟΛ  |p 005100035937  |q 005100035937  |t BK  |y 0  |z τ.VI 
852 |a INST  |b LESVOS  |e 20060323  |h 884.4 ΠΟΛ  |p 005100035938  |q 005100035938  |t BK  |y 0  |z τ.II 
852 |a INST  |b LESVOS  |e 20060323  |h 884.4 ΠΟΛ  |p 005100035939  |q 005100035939  |t BK  |y 0  |z τ.I 
852 |a INST  |b LESVOS  |e 20060323  |h 884.4 ΠΟΛ  |p 005100035940  |q 005100035940  |t BK  |y 0  |z τ.V 
852 |a INST  |b LESVOS  |e 20060323  |h 884.4 ΠΟΛ  |p 005100035941  |q 005100035941  |t BK  |y 0  |z τ.IV 
852 |a INST  |b LESVOS  |e 20060323  |h 884.4 ΠΟΛ  |p 005100035942  |q 005100035942  |t BK  |y 0  |z τ.III 
852 |a INST  |b LESVOS  |e 20060323  |h 884.4 ΠΟΛ  |p 005100035937  |q 005100035937  |t BK  |v τ.VI:  |y 0  |z τ.VI 
852 |a INST  |b LESVOS  |e 20060323  |h 884.4 ΠΟΛ  |p 005100035938  |q 005100035938  |t BK  |v τ.II:  |y 0  |z τ.II 
852 |a INST  |b LESVOS  |e 20060323  |h 884.4 ΠΟΛ  |p 005100035939  |q 005100035939  |t BK  |v τ.I:  |y 0  |z τ.I 
852 |a INST  |b LESVOS  |e 20060323  |h 884.4 ΠΟΛ  |p 005100035940  |q 005100035940  |t BK  |v τ.V:  |y 0  |z τ.V 
852 |a INST  |b LESVOS  |e 20060323  |h 884.4 ΠΟΛ  |p 005100035941  |q 005100035941  |t BK  |v τ.IV:  |y 0  |z τ.IV 
852 |a INST  |b LESVOS  |e 20060323  |h 884.4 ΠΟΛ  |p 005100035942  |q 005100035942  |t BK  |v τ.III:  |y 0  |z τ.III 
853 |a INST  |b CHIOS  |h 938.08 ΠΟΛ 
853 |a INST  |b LESVOS  |h 884.4 ΠΟΛ 
901 |a BIBL1-2006-1 
909 |a Χ  |b 031450 
909 |a Χ  |b 031980 
909 |a Χ  |b 031915 
909 |a Χ  |b 031400 
909 |a Χ  |b 031905 
909 |a Χ  |b 031758 
909 |a Λ  |b 032949 
909 |a Λ  |b 032950 
909 |a Λ  |b 032951 
909 |a Λ  |b 032954 
909 |a Λ  |b 032953 
909 |a Λ  |b 032952 
922 |a 2ΕΛΗ  |b 199311  |c ΦΡΑΓΚΟΜΙΧΑΛΟΣ  |d LEADER BOOKS